000 00301nam a2200121Ia 4500
008 190216s9999||||xx |||||||||||||| ||und||
100 _aFinar I L
245 0 _aOrganic Chemistry Vol Ii
260 _bEnglish Language Book Society
_c1973
300 _a964p
650 _aChemistry-Chemistry
942 _cBK
999 _c1950
_d1950